| 000 | 00398cam a2200181ua 4500 | ||
|---|---|---|---|
| 020 | _c1.25 | ||
| 041 |
_aeng _h |
||
| 082 |
_a320.58 _bGAN/FO |
||
| 100 | _aM.K.Gandhi, Gandhi . | ||
| 245 | _aFor pacifists | ||
| 260 |
_a : _bNavajivan , _c1949. |
||
| 300 | _a115 ; . | ||
| 365 | _a1.25 | ||
| 504 | _a | ||
| 650 | _aNon-vidence/fasts/means/war/ | ||
| 942 | _cBK | ||
| 999 |
_c11153 _d11153 |
||